000 00560nam a2200205Ia 4500
003 GCL
008 140319s9999 xx 000 0 ara d
040 _aGCL /
_cGCL
082 0 4 _aط
_b649.7
_bى ا
100 1 _aيحيى عبده
245 1 0 _aاخلاقى وسلوكى فى اللعب /
_cيحيى عبده
260 _a[S.N] :
_bسفير
300 _a14 ص
490 _aاخلاقى وسلوكى
_v0
650 0 4 _aالتربية
650 0 4 _aالاطفال
650 0 4 _aتعليم الاطفال
650 0 4 _aالاخلاق
942 _2ddc
_cBK
999 _c57104
_d57104